[Event "SLO-chT2 East"]
[Site "Slovenia"]
[Date "2014.10.11"]
[Round "4"]
[White "Grujic, Predrag"]
[Black "Bukovec, Tina"]
[Result "0-1"]
[WhiteElo "1812"]
[BlackElo "1870"]
[PlyCount "61"]
[EventDate "2014.09.13"]
[EventType "team-tourn"]
[EventRounds "9"]
[EventCountry "SLO"]
[SourceTitle "EXT 2019"]
[Source "ChessBase"]
[SourceDate "2018.10.10"]
[SourceVersion "1"]
[SourceVersionDate "2018.10.10"]
[SourceQuality "1"]
[WhiteTeam "Zagorje ob Savi"]
[BlackTeam "Maribor ZSK III"]
[WhiteTeamCountry "SLO"]
[BlackTeamCountry "SLO"]

1. e4 c5 2. Bc4 Nc6 3. Nf3 d6 4. Nc3 Bg4 5. Be2 g6 6. 0-0 Bxf3 7. Bxf3 Bg7 8. d3 e6 9. Rb1 Nge7 10. Bf4 a6 11. a3 Nd4 12. g3 b5 13. Bg2 Nec6 14. Na2 a5 15. b3 0-0 16. Bd2 b4 17. a4 Ra7 18. Nc1 h6 19. Be3 f5 20. Qd2 Kh7 21. Kh1 Raf7 22. Ne2 fxe4 23. Nf4 d5 24. dxe4 dxe4 25. Bxe4 Ne5 26. Bxd4 Qxd4 27. Qe1 Rf6 28. Rd1 Qc3 29. Qxc3 bxc3 30. Rc1 Nd7 31. f3 0-1

[Event "SLO-chT2 Ost"]
[Site "Maribor"]
[Date "2009.09.05"]
[Round "6"]
[White "Bukovec, Tina"]
[Black "Zajsek, Franc"]
[Result "1-0"]
[WhiteElo "1859"]
[BlackElo "1846"]
[PlyCount "71"]
[EventDate "2009.05.30"]
[EventType "team-tourn"]
[EventRounds "9"]
[EventCountry "SLO"]
[SourceTitle "EXT 2022"]
[Source "ChessBase"]
[SourceDate "2021.10.06"]
[SourceVersion "1"]
[SourceVersionDate "2021.10.06"]
[SourceQuality "1"]

1. e4 c6 2. d4 d5 3. e5 Bf5 4. Bd3 Bxd3 5. Qxd3 e6 6. Ne2 Qb6 7. 0-0 c5 8. c3 Nc6 9. Na3 Rc8 10. Nc2 Nge7 11. Be3 Nf5 12. g4 Nxe3 13. fxe3 Be7 14. e4 dxe4 15. Qxe4 Rd8 16. b3 0-0 17. Rad1 cxd4 18. cxd4 Nb4 19. Nxb4 Qxb4 20. Rf3 Rd5 21. Rc3 Rfd8 22. Rc4 Qb6 23. Rdc1 f6 24. exf6 Bxf6 25. Kg2 e5 26. dxe5 Rxe5 27. Qf3 Bh4 28. Rf1 Ree8 29. Qf7+ Kh8 30. Nc3 Qh6 31. Rcf4 Bf6 32. Ne4 Rf8 33. Qxb7 Rb8 34. Qa6 Rb4 35. Qd6 Rfb8 36. Nxf6 1-0

[Event "SLO-chT2 Ost"]
[Site "Maribor"]
[Date "2009.06.06"]
[Round "4"]
[White "Bukovec, Tina"]
[Black "Kolar, Drago"]
[Result "1-0"]
[WhiteElo "1859"]
[BlackElo "1879"]
[PlyCount "81"]
[EventDate "2009.05.30"]
[EventType "team-tourn"]
[EventRounds "9"]
[EventCountry "SLO"]
[SourceTitle "EXT 2022"]
[Source "ChessBase"]
[SourceDate "2021.10.06"]
[SourceVersion "1"]
[SourceVersionDate "2021.10.06"]
[SourceQuality "1"]

1. e4 c6 2. d4 d5 3. e5 Bf5 4. Bd3 Bxd3 5. Qxd3 e6 6. Ne2 Nd7 7. 0-0 c5 8. c3 Qb6 9. Na3 a6 10. Nc2 Ne7 11. b4 cxd4 12. cxd4 Nc6 13. Rb1 Qc7 14. f4 g6 15. Be3 b5 16. a3 Nb6 17. Bf2 Be7 18. Ne3 Nc4 19. Nxc4 bxc4 20. Qf3 Rb8 21. Nc3 Na7 22. g4 Nb5 23. Nxb5 Rxb5 24. f5 Rf8 25. Be3 g5 26. f6 Bd8 27. Bxg5 Qb6 28. Qd1 Bc7 29. Kh1 Kd7 30. Qd2 Rb8 31. Qc3 a5 32. Bd2 axb4 33. axb4 Qb7 34. Qc2 Rh8 35. Ra1 Bxe5 36. dxe5 d4+ 37. Kg1 c3 38. Bxc3 dxc3 39. Qxc3 Rxb4 40. Rfd1+ Ke8 41. Qxb4 1-0

[Event "SLO-chT (Women)"]
[Site "Kozje"]
[Date "2008.11.28"]
[Round "2"]
[White "Bukovec, Tina"]
[Black "Ahmatovic, Mirela"]
[Result "1/2-1/2"]
[WhiteElo "1857"]
[BlackElo "1997"]
[PlyCount "23"]
[EventDate "2008.11.27"]
[EventType "team-tourn"]
[EventRounds "9"]
[EventCountry "SLO"]
[SourceTitle "CBM 127 Extra"]
[Source "ChessBase"]
[SourceDate "2009.01.08"]
[SourceVersion "2"]
[SourceVersionDate "2009.01.28"]
[SourceQuality "1"]

1. e4 c5 2. Nf3 e6 3. d4 cxd4 4. Nxd4 Nf6 5. Nc3 Nc6 6. Nxc6 bxc6 7. e5 Nd5 8. Nxd5 cxd5 9. Qd4 Qc7 10. Bd3 Bc5 11. Qf4 d6 12. exd6 1/2-1/2

[Event "SLO-chT U20 17th"]
[Site "Murska Sobota"]
[Date "2008.08.25"]
[Round "1.4"]
[White "Bukovec, Tina"]
[Black "Copi, Ambroz"]
[Result "1-0"]
[WhiteElo "1929"]
[BlackElo "1525"]
[PlyCount "105"]
[EventDate "2008.08.30"]
[EventType "team-tourn"]
[EventRounds "7"]
[EventCountry "SLO"]
[SourceTitle "EXT 2010"]
[Source "ChessBase"]
[SourceDate "2010.11.25"]
[SourceVersion "1"]
[SourceVersionDate "2010.11.25"]
[SourceQuality "1"]
[WhiteTeam "Maribor LANCom"]
[BlackTeam "Krka Novo Mesto"]
[WhiteTeamCountry "SLO"]
[BlackTeamCountry "SLO"]

1. e4 c5 2. Nf3 d6 3. d4 cxd4 4. Nxd4 Nf6 5. Nc3 a6 6. Be3 e6 7. Qf3 Be7 8. Bc4 Bd7 9. Bb3 0-0 10. 0-0 Qc7 11. Qg3 Kh8 12. f4 Nc6 13. f5 Nxd4 14. Bxd4 e5 15. Bf2 Bc6 16. Qd3 Rad8 17. Rad1 Nd7 18. Bd5 Nf6 19. Bxc6 Qxc6 20. Bh4 Ng8 21. Bxe7 Nxe7 22. f6 gxf6 23. Rxf6 Ng6 24. Rxd6 Qc5+ 25. Kh1 Rxd6 26. Qxd6 Qf2 27. Qd2 Qb6 28. b3 Qf6 29. Nd5 Qh4 30. Qe1 Qg4 31. Rd3 f5 32. exf5 Qxf5 33. Rf3 Qc8 34. Rxf8+ Qxf8 35. c4 Qd6 36. Qf2 Nf4 37. Nxf4 exf4 38. g3 fxg3 39. hxg3 Qh6+ 40. Kg2 Qc6+ 41. Qf3 Qd6 42. Qd5 Qf6 43. Qxb7 Qb2+ 44. Kh3 Qxa2 45. c5 Qe2 46. Qd5 Qf1+ 47. Kh4 Qf6+ 48. Kg4 Qg6+ 49. Kf4 Qf6+ 50. Ke4 Qg6+ 51. Qf5 Qc6+ 52. Kd4 Qe8 53. Qe5+ 1-0

[Event "SLO-ch (Women)"]
[Site "Ljubljana"]
[Date "2008.08.21"]
[Round "6"]
[White "Vombek, Sara"]
[Black "Bukovec, Tina"]
[Result "1-0"]
[WhiteElo "1888"]
[BlackElo "1929"]
[PlyCount "75"]
[EventDate "2008.08.17"]
[EventType "swiss"]
[EventRounds "9"]
[EventCountry "SLO"]
[SourceTitle "CBM 125 Extra"]
[Source "ChessBase"]
[SourceDate "2008.09.01"]
[SourceVersion "1"]
[SourceVersionDate "2008.09.01"]
[SourceQuality "1"]

1. e4 g6 2. Nf3 Bg7 3. d4 c6 4. Nc3 d5 5. h3 h5 6. Bg5 a6 7. a4 dxe4 8. Nxe4 Bf5 9. Ng3 Nf6 10. Nxf5 Qa5+ 11. Bd2 Qxf5 12. Bd3 Qc8 13. 0-0 Rg8 14. Re1 Nbd7 15. Qe2 Bf8 16. Bg5 Qc7 17. Bc4 Qd6 18. g3 e6 19. Ne5 Nd5 20. Bb3 Nxe5 21. dxe5 Qb4 22. Bd2 Qb6 23. Qf3 Bc5 24. a5 Qc7 25. c4 Ne7 26. Bc2 Bd4 27. Bc3 Bxc3 28. Qxc3 0-0-0 29. b4 Nf5 30. Rad1 Qe7 31. b5 Qc5 32. bxa6 bxa6 33. Rb1 Kc7 34. Rb6 Ra8 35. Be4 Ne7 36. Reb1 Rgb8 37. Qb2 Qxa5 38. Rxb8 1-0

[Event "SLO-ch (Women)"]
[Site "Ljubljana"]
[Date "2008.08.20"]
[Round "5"]
[White "Bukovec, Tina"]
[Black "Topic, Jelena"]
[Result "0-1"]
[WhiteElo "1929"]
[BlackElo "1866"]
[PlyCount "70"]
[EventDate "2008.08.17"]
[EventType "swiss"]
[EventRounds "9"]
[EventCountry "SLO"]
[SourceTitle "CBM 125 Extra"]
[Source "ChessBase"]
[SourceDate "2008.09.01"]
[SourceVersion "1"]
[SourceVersionDate "2008.09.01"]
[SourceQuality "1"]

1. c3 c5 2. e4 e6 3. d4 Nf6 4. e5 Nd5 5. Nf3 cxd4 6. cxd4 d6 7. a3 Be7 8. Bd3 Nc6 9. 0-0 0-0 10. Nbd2 dxe5 11. dxe5 Qc7 12. Qc2 h6 13. Kh1 Rd8 14. Ne4 Qb8 15. Ng3 Nxe5 16. Nxe5 Qxe5 17. f4 Qc7 18. Qe2 Bd6 19. Nh5 g6 20. Qg4 Bf8 21. Bxg6 fxg6 22. Qxg6+ Bg7 23. f5 Qf7 24. Qxf7+ Kxf7 25. fxe6+ Kg6 26. Nxg7 Kxg7 27. Rf7+ Kg6 28. e7 Nxe7 29. Rf1 Nf5 30. b4 Be6 31. Bf4 Rd4 32. Rad1 Bc4 33. Rd2 Rad8 34. g4 Nh4 35. h3 Bd5+ 0-1

[Event "Wch U20 Girls"]
[Site "Gaziantep"]
[Date "2008.08.13"]
[Round "11"]
[White "Jeremias, Bianca"]
[Black "Bukovec, Tina"]
[Result "1-0"]
[WhiteElo "1990"]
[BlackElo "1929"]
[PlyCount "101"]
[EventDate "2008.08.03"]
[EventType "swiss"]
[EventRounds "13"]
[EventCountry "TUR"]
[SourceTitle "CBM 125 Extra"]
[Source "ChessBase"]
[SourceDate "2008.09.01"]
[SourceVersion "1"]
[SourceVersionDate "2008.09.01"]
[SourceQuality "1"]

1. e4 c5 2. Nf3 Nc6 3. Bb5 g6 4. 0-0 Bg7 5. c3 e5 6. Re1 Nh6 7. d3 0-0 8. Bxc6 dxc6 9. Bxh6 Bxh6 10. Nxe5 Qd6 11. Nc4 Qe6 12. Qe2 b5 13. Ne3 Rd8 14. Nd2 Qd6 15. Nb3 Be6 16. Red1 Bg7 17. g3 a5 18. f4 a4 19. e5 Qe7 20. Nd2 f6 21. exf6 Bxf6 22. Ne4 Bg7 23. Ng4 Bf5 24. Ngf2 h5 25. Qe3 Rd5 26. Re1 Rad8 27. Re2 b4 28. Rae1 bxc3 29. bxc3 Kh8 30. Qf3 Qd7 31. Ng5 Bf6 32. c4 Rd4 33. Nge4 Bg4 34. Nxg4 hxg4 35. Qg2 Be7 36. Nf2 Bf6 37. Ne4 Be7 38. Nf2 Bf6 39. Re6 Rd6 40. Rxd6 Qxd6 41. Nxg4 Qxd3 42. Nxf6 Qd4+ 43. Qf2 Qxf6 44. Qxc5 Qd4+ 45. Qxd4+ Rxd4 46. Re6 Rxc4 47. Rxg6 a3 48. Kg2 Rc2+ 49. Kh3 c5 50. Rc6 Kg7 51. g4 1-0

[Event "Wch U20 Girls"]
[Site "Gaziantep"]
[Date "2008.08.11"]
[Round "9"]
[White "Garcia, Liria Caetano"]
[Black "Bukovec, Tina"]
[Result "0-1"]
[WhiteElo "1792"]
[BlackElo "1929"]
[PlyCount "50"]
[EventDate "2008.08.03"]
[EventType "swiss"]
[EventRounds "13"]
[EventCountry "TUR"]
[SourceTitle "CBM 125 Extra"]
[Source "ChessBase"]
[SourceDate "2008.09.01"]
[SourceVersion "1"]
[SourceVersionDate "2008.09.01"]
[SourceQuality "1"]

1. d4 Nf6 2. c4 c5 3. d5 e6 4. Nc3 exd5 5. cxd5 d6 6. e4 g6 7. f4 Bg7 8. e5 dxe5 9. fxe5 Nfd7 10. e6 fxe6 11. dxe6 Bxc3+ 12. bxc3 Qh4+ 13. g3 Qe4+ 14. Kf2 0-0+ 15. Bf4 Nf6 16. Qe2 Bxe6 17. Bg2 Qxe2+ 18. Nxe2 Nc6 19. Rhd1 g5 20. Bc1 Bc4 21. Ke1 Rae8 22. Rd2 Ng4 23. Bd5+ Bxd5 24. Rxd5 Nxh2 25. Rxg5+ Kh8 0-1

[Event "Wch U20 Girls"]
[Site "Gaziantep"]
[Date "2008.08.10"]
[Round "8"]
[White "Bukovec, Tina"]
[Black "Boyarchenko, Marie"]
[Result "0-1"]
[WhiteElo "1929"]
[BlackElo "1895"]
[PlyCount "62"]
[EventDate "2008.08.03"]
[EventType "swiss"]
[EventRounds "13"]
[EventCountry "TUR"]
[SourceTitle "CBM 125 Extra"]
[Source "ChessBase"]
[SourceDate "2008.09.01"]
[SourceVersion "1"]
[SourceVersionDate "2008.09.01"]
[SourceQuality "1"]

1. e4 c5 2. Nf3 e6 3. d4 cxd4 4. Nxd4 a6 5. Bd3 Qc7 6. Qe2 d6 7. 0-0 Nf6 8. Kh1 Be7 9. f4 Nbd7 10. Nd2 b6 11. N2f3 0-0 12. e5 Nd5 13. Bd2 b5 14. Rae1 g6 15. exd6 Qxd6 16. c3 Bb7 17. Qf2 Bf6 18. Qg3 Bg7 19. Ne5 Rad8 20. h4 N7f6 21. Qh3 Ne7 22. Nxf7 Rxf7 23. Rxe6 Qd5 24. Rfe1 Bc8 25. f5 Bxe6 26. fxe6 Rff8 27. Kh2 Nh5 28. Be4 Qd6+ 29. Kg1 Bxd4+ 30. cxd4 Qxd4+ 31. Qe3 Qxd2 0-1

[Event "Wch U20 Girls"]
[Site "Gaziantep"]
[Date "2008.08.03"]
[Round "1"]
[White "Borosova, Zuzana"]
[Black "Bukovec, Tina"]
[Result "1-0"]
[WhiteElo "2254"]
[BlackElo "1929"]
[PlyCount "67"]
[EventDate "2008.08.03"]
[EventType "swiss"]
[EventRounds "13"]
[EventCountry "TUR"]
[SourceTitle "CBM 125 Extra"]
[Source "ChessBase"]
[SourceDate "2008.09.01"]
[SourceVersion "1"]
[SourceVersionDate "2008.09.01"]
[SourceQuality "1"]

1. e4 c5 2. Nf3 Nc6 3. d4 cxd4 4. Nxd4 g6 5. c4 Bg7 6. Be3 Nf6 7. Nc3 0-0 8. Be2 b6 9. 0-0 Bb7 10. f3 e6 11. Ndb5 d5 12. cxd5 exd5 13. exd5 Nb4 14. d6 Nfd5 15. Nxd5 Nxd5 16. Bd4 Bh6 17. Bf2 Be3 18. Bc4 Bxf2+ 19. Rxf2 Ne3 20. Qe2 Qg5 21. Re1 Nxc4 22. Qxc4 Ba6 23. a4 Rac8 24. Qd3 Rfd8 25. d7 Rb8 26. Rfe2 Qc5+ 27. Kh1 Bxb5 28. axb5 Kg7 29. h3 Rb7 30. Re7 Qc7 31. Qd4+ Kh6 32. Rxf7 Qc5 33. Qh4+ Qh5 34. Qxd8 1-0

[Event "Bled op-B 25th"]
[Site "Bled"]
[Date "2008.02.28"]
[Round "7"]
[White "Bukovec, Tina"]
[Black "Buha, Drago"]
[Result "0-1"]
[WhiteElo "1925"]
[BlackElo "2014"]
[PlyCount "164"]
[EventDate "2008.02.23"]
[EventType "swiss"]
[EventRounds "9"]
[EventCountry "SLO"]
[SourceTitle "CBM 122 Extra"]
[Source "ChessBase"]
[SourceDate "2008.03.04"]
[SourceVersion "1"]
[SourceVersionDate "2008.03.04"]
[SourceQuality "1"]

1. e4 e5 2. Nc3 Bc5 3. Bc4 Nf6 4. d3 h6 5. f4 d6 6. f5 Nbd7 7. Qf3 Nb6 8. Bb3 Bd7 9. Be3 Bxe3 10. Qxe3 Bc6 11. 0-0-0 Qe7 12. Nf3 0-0-0 13. Rhe1 Kb8 14. Kb1 Rhe8 15. Qg1 Qf8 16. g4 Nfd7 17. g5 h5 18. g6 f6 19. Bf7 Re7 20. Nd5 Bxd5 21. exd5 Nc5 22. d4 exd4 23. Nxd4 Rdd7 24. Ne6 Nxe6 25. Bxe6 Rd8 26. Qd4 Qh8 27. Rd3 Qh6 28. Ra3 a6 29. Qb4 Qg5 30. Rb3 Qg2 31. c4 Qg4 32. Rc1 Qe4+ 33. Ka1 Ka7 34. a4 Rb8 35. a5 Nd7 36. Bxd7 Rxd7 37. Re1 Qd4 38. Re8 Qc5 39. Qxc5+ dxc5 40. Rxb8 Kxb8 41. Rh3 Kc8 42. Rxh5 Kd8 43. Rh8+ Ke7 44. Rh3 Kd6 45. Re3 Rd8 46. Rb3 Rb8 47. Rh3 Ke5 48. Re3+ Kxf5 49. Re7 Kxg6 50. Rxc7 f5 51. Kb1 f4 52. Re7 Kf6 53. Re1 g5 54. Kc2 g4 55. Kd3 Rh8 56. Re2 f3 57. Rf2 Kf5 58. d6 Kf4 59. Rd2 Rd8 60. Kc3 g3 61. hxg3+ Kxg3 62. Rd3 Kg2 63. b4 cxb4+ 64. Kxb4 f2 65. Rd2 Rxd6 66. Rxd6 f1Q 67. Rg6+ Kh3 68. Rb6 Qe1+ 69. Ka4 Qe7 70. Rb4 Kg3 71. Ka3 Kf3 72. Kb3 Ke3 73. Rb6 Kd4 74. Rb4 Kc5 75. Ka4 Qd7+ 76. Ka3 Qd3+ 77. Rb3 Qd1 78. Rb2 Kxc4 79. Rc2+ Kb5 80. Rb2+ Kxa5 81. Rb1 Qd3+ 82. Ka2 b5 0-1

[Event "Bled op-B 25th"]
[Site "Bled"]
[Date "2008.02.27"]
[Round "6"]
[White "Bukovec, Tina"]
[Black "Krasevec, Viktor"]
[Result "1-0"]
[WhiteElo "1925"]
[BlackElo "2046"]
[PlyCount "55"]
[EventDate "2008.02.23"]
[EventType "swiss"]
[EventRounds "9"]
[EventCountry "SLO"]
[SourceTitle "CBM 122 Extra"]
[Source "ChessBase"]
[SourceDate "2008.03.04"]
[SourceVersion "1"]
[SourceVersionDate "2008.03.04"]
[SourceQuality "1"]

1. e4 c5 2. Nf3 Nc6 3. d4 cxd4 4. Nxd4 d6 5. Nc3 e6 6. Bc4 a6 7. Bb3 Nxd4 8. Qxd4 Ne7 9. 0-0 Nc6 10. Qd3 Qf6 11. Kh1 b5 12. f4 Bb7 13. Be3 Rd8 14. Bb6 Rd7 15. Rad1 g6 16. Nd5 Qxb2 17. Nc7+ Ke7 18. e5 d5 19. Qh3 Bg7 20. Bxd5 Rxd5 21. Nxd5+ exd5 22. Bc5+ Ke8 23. Rxd5 Nxe5 24. Rd2 f5 25. fxe5 Bxe5 26. Qd3 Bc6 27. Qd8+ Kf7 28. Qe7+ 1-0

[Event "SLO-chT (Women)"]
[Site "Ljubljana"]
[Date "2007.11.29"]
[Round "1.3"]
[White "Kozarski, Lara"]
[Black "Bukovec, Tina"]
[Result "1/2-1/2"]
[WhiteElo "1656"]
[BlackElo "1925"]
[PlyCount "79"]
[EventDate "2007.11.29"]
[EventType "team"]
[EventRounds "9"]
[EventCountry "SLO"]
[SourceTitle "CBM 121 Extra"]
[Source "ChessBase"]
[SourceDate "2008.01.10"]
[SourceVersion "1"]
[SourceVersionDate "2008.01.10"]
[SourceQuality "1"]
[WhiteTeam "Komenda (W)"]
[BlackTeam "Maribor (W)"]
[WhiteTeamCountry "SLO"]
[BlackTeamCountry "SLO"]

1. e4 c5 2. Nf3 Nc6 3. d4 cxd4 4. Nxd4 g6 5. Be3 Bg7 6. c3 Nf6 7. Bd3 0-0 8. 0-0 Ne5 9. Bc2 Nc4 10. Bc1 e5 11. Nf3 d5 12. Qe2 Qc7 13. Nbd2 b5 14. exd5 Nxd5 15. Nxc4 bxc4 16. Be4 Bb7 17. Rd1 Rad8 18. Be3 Nxc3 19. bxc3 Bxe4 20. Rxd8 Qxd8 21. Qxc4 Qa8 22. Ne1 Rc8 23. Qb3 Bd5 24. Qa3 a6 25. Rc1 Qc6 26. Qa5 h6 27. f3 Qc4 28. a3 Qe2 29. Bf2 Bc4 30. Nc2 Qd2 31. Be3 Qd3 32. Bf2 Qe2 33. Be3 Qd3 34. Bf2 Rd8 35. Ne3 Bb3 36. Qb6 Ba4 37. Qa5 Bb3 38. Qb6 Ba4 39. Qa5 Bb3 40. Qb6 1/2-1/2

[Event "SLO-ch (Women)"]
[Site "Ljubljana"]
[Date "2007.08.19"]
[Round "4"]
[White "Vombek, Sara"]
[Black "Bukovec, Tina"]
[Result "1/2-1/2"]
[WhiteElo "1873"]
[BlackElo "1912"]
[PlyCount "76"]
[EventDate "2007.08.16"]
[EventType "schev"]
[EventRounds "2"]
[EventCountry "SLO"]
[SourceTitle "CBM 120 Extra"]
[Source "ChessBase"]
[SourceDate "2007.11.01"]
[SourceVersion "1"]
[SourceVersionDate "2007.11.01"]
[SourceQuality "1"]

1. e4 c5 2. Nf3 Nc6 3. d4 cxd4 4. Nxd4 g6 5. c4 Bg7 6. Nc2 Nf6 7. Nc3 0-0 8. Be2 b6 9. 0-0 Bb7 10. Bd2 d6 11. Rc1 Rc8 12. f3 Qd7 13. b3 Rfd8 14. Nd5 e6 15. Nxf6+ Bxf6 16. f4 Nd4 17. Bb4 Nxe2+ 18. Qxe2 Qc6 19. Rce1 b5 20. e5 dxe5 21. fxe5 Bxe5 22. Qf2 Bg7 23. Qxf7+ Kh8 24. Rf2 Rc7 25. Qxe6 Qxe6 26. Rxe6 bxc4 27. Rfe2 h5 28. Re7 Rxe7 29. Rxe7 Bd5 30. bxc4 Bxc4 31. a3 a6 32. Kf2 Bf6 33. Re1 Kg7 34. Ba5 Rd7 35. Bb4 Rf7 36. Kg1 Rd7 37. Kf2 Rf7 38. Kg1 Rd7 1/2-1/2

[Event "SLO-ch qual"]
[Site "Ljubljana"]
[Date "2007.07.14"]
[Round "9"]
[White "Bukovec, Tina"]
[Black "Bucar, Natasa"]
[Result "1-0"]
[WhiteElo "1912"]
[BlackElo "1773"]
[PlyCount "83"]
[EventDate "2007.07.05"]
[EventType "swiss"]
[EventRounds "9"]
[EventCountry "SLO"]
[SourceTitle "EXT 2010"]
[Source "ChessBase"]
[SourceDate "2010.11.25"]
[SourceVersion "1"]
[SourceVersionDate "2010.11.25"]
[SourceQuality "1"]

1. e4 c5 2. Nf3 Nc6 3. d4 cxd4 4. Nxd4 Nf6 5. Nc3 e5 6. Ndb5 d6 7. Bg5 a6 8. Na3 b5 9. Bxf6 gxf6 10. Nd5 f5 11. Bd3 Be6 12. c4 Bxd5 13. cxd5 Nb4 14. Nc2 Nxc2+ 15. Qxc2 Rc8 16. Qd2 f4 17. a4 Rb8 18. axb5 axb5 19. Ra5 b4 20. Rb5 Qc7 21. 0-0 h5 22. Rc1 Qa7 23. Qxb4 Rxb5 24. Qxb5+ Ke7 25. Qc4 Kf6 26. Qc8 Kg7 27. Qc3 h4 28. Qc8 Rh6 29. Qg4+ Kh7 30. h3 Bg7 31. Qf5+ Rg6 32. Qh5+ Rh6 33. Qf5+ Rg6 34. Be2 Kg8 35. Rc8+ Bf8 36. Bh5 Rg7 37. Qf6 Qb6 38. b4 Rh7 39. Bg4 Qxb4 40. Qd8 Qe1+ 41. Kh2 Kg7 42. Qg5+ 1-0

[Event "SLO-ch qual"]
[Site "Ljubljana"]
[Date "2007.07.07"]
[Round "4"]
[White "Bucan, Luka"]
[Black "Bukovec, Tina"]
[Result "0-1"]
[WhiteElo "1500"]
[BlackElo "1912"]
[PlyCount "74"]
[EventDate "2007.07.05"]
[EventType "swiss"]
[EventRounds "9"]
[EventCountry "SLO"]
[SourceTitle "EXT 2010"]
[Source "ChessBase"]
[SourceDate "2010.11.25"]
[SourceVersion "1"]
[SourceVersionDate "2010.11.25"]
[SourceQuality "1"]

1. d4 Nf6 2. Nf3 g6 3. c4 c5 4. d5 e6 5. Nc3 exd5 6. cxd5 d6 7. g3 Bg7 8. Bg2 0-0 9. 0-0 Re8 10. Re1 Na6 11. e4 Bg4 12. h3 Bxf3 13. Bxf3 Nd7 14. Be2 Nc7 15. Bd3 Rb8 16. a4 a6 17. a5 b5 18. axb6 Nxb6 19. Bxa6 Ra8 20. Bg5 f6 21. Bb5 Rxa1 22. Qxa1 Nxb5 23. Bd2 Nd4 24. Qd1 Nc4 25. Bc1 Qb6 26. Qa4 Nf3+ 27. Kf1 Ncd2+ 28. Bxd2 Nxd2+ 29. Ke2 Rb8 30. Kxd2 Qxb2+ 31. Kd3 Rb3 32. Qe8+ Bf8 33. Qe6+ Kg7 34. Qd7+ Kh6 35. Ke3 Rxc3+ 36. Kf4 Qxf2+ 37. Kg4 Qxg3# 0-1

[Event "Nova Gorica op-B 12th"]
[Site "Nova Gorica"]
[Date "2007.01.30"]
[Round "8"]
[White "Bukovec, Tina"]
[Black "Srebrnic, Vojko"]
[Result "0-1"]
[WhiteElo "1916"]
[BlackElo "2182"]
[PlyCount "110"]
[EventDate "2007.01.26"]
[EventType "swiss"]
[EventRounds "9"]
[EventCountry "SLO"]
[SourceTitle "CBM 116 Extra"]
[Source "ChessBase"]
[SourceDate "2007.03.07"]
[SourceVersion "1"]
[SourceVersionDate "2007.03.07"]
[SourceQuality "1"]

1. e4 c5 2. Nf3 g6 3. d4 cxd4 4. Nxd4 Nc6 5. Nc3 Bg7 6. Be3 Nf6 7. Bc4 0-0 8. Bb3 a5 9. a4 Ng4 10. Qxg4 Nxd4 11. Bxd4 Bxd4 12. Qf3 d6 13. 0-0-0 Bg7 14. h4 h5 15. Qd3 Kh7 16. f3 f5 17. Kb1 f4 18. Rhg1 Be5 19. Ne2 b6 20. Nd4 Ba6 21. Qd2 Qd7 22. Ne6 Rf6 23. Qd5 Qb7 24. Ng5+ Kg7 25. Ne6+ Kh8 26. Qxb7 Bxb7 27. Nc7 Rc8 28. Nd5 Bxd5 29. Bxd5 e6 30. Bb3 Rg8 31. Rh1 Kg7 32. c3 Kf7 33. Kc2 Ke7 34. Rd2 Rff8 35. Ba2 Bf6 36. Kd1 g5 37. hxg5 Rxg5 38. Ke1 Rh8 39. Rh2 h4 40. Kf1 b5 41. axb5 Rxb5 42. Kf2 Rhb8 43. b3 Bxc3 44. Rc2 Rc5 45. Ke2 Rh8 46. Kd3 Bb4 47. Rxc5 Bxc5 48. Kc4 Kf6 49. Bb1 Ke5 50. Kd3 Bf2 51. Rh1 Rg8 52. Rh2 Rc8 53. Bc2 Be1 54. Bd1 Rc3+ 55. Ke2 Re3+ 0-1

[Event "Nova Gorica op-B 12th"]
[Site "Nova Gorica"]
[Date "2007.01.29"]
[Round "7"]
[White "Costariol, Mario"]
[Black "Bukovec, Tina"]
[Result "0-1"]
[WhiteElo "1593"]
[BlackElo "1916"]
[PlyCount "52"]
[EventDate "2007.01.26"]
[EventType "swiss"]
[EventRounds "9"]
[EventCountry "SLO"]
[SourceTitle "CBM 116 Extra"]
[Source "ChessBase"]
[SourceDate "2007.03.07"]
[SourceVersion "1"]
[SourceVersionDate "2007.03.07"]
[SourceQuality "1"]

1. e4 c5 2. Nf3 Nc6 3. d4 cxd4 4. Nxd4 g6 5. c4 Bg7 6. Nc2 Nf6 7. Nc3 0-0 8. Be2 d6 9. 0-0 a5 10. Rb1 Bd7 11. f4 Qc8 12. Ne3 Re8 13. Ned5 Nxd5 14. Nxd5 Nb4 15. Nb6 Qc5+ 16. Kh1 Qxb6 17. a3 Nc6 18. Rf3 Qd4 19. Qc2 Qf6 20. e5 dxe5 21. fxe5 Bf5 22. Bd3 Bxd3 23. Qf2 Qe6 24. Rxd3 Nxe5 25. Rh3 Qxc4 26. Rh4 Qd3 0-1

[Event "Nova Gorica op-B 12th"]
[Site "Nova Gorica"]
[Date "2007.01.27"]
[Round "4"]
[White "Bukovec, Tina"]
[Black "Ursic, Simona"]
[Result "0-1"]
[WhiteElo "1916"]
[BlackElo "2089"]
[PlyCount "77"]
[EventDate "2007.01.26"]
[EventType "swiss"]
[EventRounds "9"]
[EventCountry "SLO"]
[SourceTitle "CBM 116 Extra"]
[Source "ChessBase"]
[SourceDate "2007.03.07"]
[SourceVersion "1"]
[SourceVersionDate "2007.03.07"]
[SourceQuality "1"]

1. e4 e5 2. Nc3 Nf6 3. Bc4 Nc6 4. d3 Na5 5. Nge2 Nxc4 6. dxc4 Bc5 7. 0-0 d6 8. Qd3 Be6 9. b3 0-0 10. Bg5 h6 11. Bxf6 Qxf6 12. Ng3 a5 13. a4 c6 14. Rad1 Rad8 15. Kh1 Qg5 16. Qd2 Bb4 17. Qxg5 hxg5 18. Nge2 g6 19. Rd3 Kg7 20. Rfd1 Rh8 21. f3 Rh6 22. Ng3 Rdh8 23. Nf1 Bc5 24. Ne2 f5 25. Neg3 f4 26. Ne2 g4 27. fxg4 Bxg4 28. R1d2 g5 29. Ng1 Be3 30. Rxd6 Bxd2 31. Rxd2 Rf8 32. Rd3 Bh5 33. Nd2 g4 34. c5 Bg6 35. Ne2 Rfh8 36. Rd7+ Kf6 37. Nc4 Rxh2+ 38. Kg1 Rh1+ 39. Kf2 0-1

[Event "EU-ch U18 Girls"]
[Site "Herceg Novi"]
[Date "2006.09.13"]
[Round "4"]
[White "Steil Antoni, Fiona"]
[Black "Bukovec, Tina"]
[Result "1-0"]
[WhiteElo "2031"]
[BlackElo "1904"]
[PlyCount "155"]
[EventDate "2006.09.10"]
[EventType "swiss"]
[EventRounds "9"]
[EventCountry "MNE"]
[SourceTitle "CBM 114 Extra"]
[Source "ChessBase"]
[SourceDate "2006.11.03"]
[SourceVersion "1"]
[SourceVersionDate "2006.11.03"]
[SourceQuality "1"]

1. e4 c5 2. Nf3 d6 3. c3 Nf6 4. Be2 Nbd7 5. d3 g6 6. 0-0 Bg7 7. Re1 0-0 8. Nbd2 b6 9. Nf1 Bb7 10. h3 Re8 11. Ng3 e5 12. Bf1 d5 13. Qc2 Qc7 14. Bd2 Rac8 15. Rad1 b5 16. Bc1 dxe4 17. dxe4 c4 18. b3 cxb3 19. Qxb3 a6 20. Bb2 Nc5 21. Qc2 Qc6 22. Nd2 h5 23. h4 Ne6 24. Qb1 Ng4 25. c4 Qb6 26. Nh1 f5 27. cxb5 axb5 28. Ba3 f4 29. Qxb5 Qa7 30. Nc4 Nd4 31. Qb6 Qxb6 32. Nxb6 Rc6 33. Nd5 Kh7 34. Rb1 Ba8 35. Bb5 Nxb5 36. Rxb5 Rc2 37. Rb2 Rxb2 38. Bxb2 Bxd5 39. exd5 Rd8 40. Rd1 Nf6 41. Bxe5 Rxd5 42. Rxd5 Nxd5 43. Bxg7 Kxg7 44. Kf1 Kf6 45. f3 Ke5 46. Kf2 Nc3 47. g3 Nd1+ 48. Ke1 fxg3 49. Nxg3 Nc3 50. a3 Na4 51. Ne2 Nb2 52. Kf2 Nd1+ 53. Kg3 Ne3 54. a4 Nf5+ 55. Kh3 Kd6 56. Ng3 Ne7 57. f4 Kc5 58. Kg2 Kb4 59. Kf3 Kxa4 60. Ke4 Kb5 61. Ke5 Kc5 62. Ne4+ Kc6 63. Kf6 Nd5+ 64. Kg5 Ne7 65. Nf2 Kd6 66. Nd3 Kd5 67. Nf2 Ke6 68. Ne4 Nf5 69. Nc5+ Kd5 70. Nd7 Ke4 71. Nf6+ Kf3 72. Nxh5 Nxh4 73. Kxh4 Ke4 74. Kg5 gxh5 75. f5 Ke5 76. f6 Ke6 77. Kg6 h4 78. f7 1-0